MARC

LEADER 00000nlm0a2200000 4500
001 662043
005 20231102030523.0
035 |a (RuTPU)RU\TPU\network\33176 
035 |a RU\TPU\network\33175 
090 |a 662043 
100 |a 20200507d2019 m y0rusy50 ca 
101 0 |a rus 
102 |a RU 
105 |a a j 000zy 
135 |a jrcn ---uucaa 
181 0 |a i  
182 0 |a b 
200 1 |a Теория бухгалтерского учета / ДО 2017  |e электронный курс  |f Т. В. Арцер  |g Национальный исследовательский Томский политехнический университет. Школа инженерного предпринимательства 
203 |a Текст  |c электронный 
210 |a Томск  |c TPU Moodle  |d 2019 
230 |a Электрон. дан. 
300 |a Заглавие с экрана 
333 |a Доступ по логину и паролю 
606 1 |a Бухгалтерский учет  |2 stltpush  |3 (RuTPU)RU\TPU\subj\30744  |9 53805 
610 1 |a электронный ресурс 
610 1 |a труды учёных ТПУ 
610 1 |a электронное обучение 
610 1 |a электронные курсы ТПУ 
610 1 |a электронные учебные пособия 
610 1 |a учебные пособия 
610 1 |a двойная запись 
610 1 |a документация 
610 1 |a инвентаризация 
610 1 |a бухгалтерский баланс 
610 1 |a основные средства 
610 1 |a денежные средства 
610 1 |a оплата труда 
610 1 |a бухгалтерская отчетность 
610 1 |a учетная политика 
610 1 |a балансовый метод 
610 1 |a документирование 
610 1 |a инвентаризация 
610 1 |a бухгалтерская отчетность 
675 |a 657.22(07)  |v 3 
700 1 |a Арцер  |b Т. В.  |c экономист  |c доцент Томского политехнического университета, кандидат экономических наук  |f 1979-  |g Татьяна Владимировна  |2 stltpush  |3 (RuTPU)RU\TPU\pers\25418 
712 0 2 |a Национальный исследовательский Томский политехнический университет  |b Школа инженерного предпринимательства  |c (2017- )  |h 7949  |2 stltpush  |3 (RuTPU)RU\TPU\col\23544 
801 2 |a RU  |b 63413507  |c 20211203  |g RCR 
856 4 |u https://design.lms.tpu.ru/course/view.php?id=2942 
942 |c CF